00386nam a2200145Ia 4500003000400000008004100004040001600045082002100061100001700082245005100099260005100150300001200201650001100213650001600224GCL140319s9999 xx 000 0 eng d aGCL / cGCL04a914.2104858bP T1 aPIPER, DAVID10aTHE COMPANION GUIDE TO LONDON / cPIPER, DAVID a[S.N] : bWILLIAM COLLINS SONS & LTD ، c1983 a520 P P04aLONDON04aGUIDE BOOKS